000 00435cam a22001934a 4500
005 20250605164313.0
008 250528s ||||||||||||||||||||||||d
035 _a22567
020 _a9780714817569
040 _aGR-AtMCL
_bgre
_dGR-AtMCL
_eAACR2
245 1 _aART & ILLUSION
250 _a1
260 _bPhaidon,
_c1959
300 _a386
700 1 _aGombrich E.H
_92411
942 _cBK
999 _c7615
_d7615